Visualizzazione normale
Vista MARC
- Odorisio Luciano
di Personal Name
Records bibliografici associati: 1
001 - CONTROL NUMBER
- control field: 44388
003 - CONTROL NUMBER IDENTIFIER
- control field: IT-RoPau
005 - DATE AND TIME OF LATEST TRANSACTION
- control field: 20151129145427.0
008 - FIXED-LENGTH DATA ELEMENTS
- fixed length control field: 151129|| aca||aabn | a|a d
040 ## - CATALOGING SOURCE
- Original cataloging agency: IT-RoPau
- Transcribing agency: IT-RoPau
100 ## - HEADING--PERSONAL NAME
- Personal name: Odorisio Luciano
- Relator term: (soggetto)
- Miscellaneous information: Codice Soggetto SPICS: 11233
670 ## - SOURCE DATA FOUND
- Source citation: Work cat.: (IT-RoPau)105969: Odorisio Luciano Codice regista SPICS: 11233 40152, MAGIC MOMENTS MAGIC MOMENTS (Rif. Codice opera principale : 90066)